[Event "Serbia op-A"]
[Site "Belgrade"]
[Date "2025.07.22"]
[Round "8"]
[White "Gagic, Milan A"]
[Black "Kalogridis, Antonios"]
[Result "1-0"]
[WhiteElo "2280"]
[BlackElo "2426"]
[PlyCount "89"]
[EventDate "2025.07.14"]
[EventType "swiss"]
[EventRounds "9"]
[EventCountry "SRB"]
[SourceTitle "CB30_2025"]
[SourceDate "2025.07.23"]
[SourceVersion "1"]
[SourceVersionDate "2025.07.23"]
[SourceQuality "1"]

1. Nf3 Nf6 2. g3 g6 3. b3 Bg7 4. Bb2 d6 5. d4 c5 6. c4 Ne4 7. Bg2 Qa5+ 8. Nfd2 Nxd2 9. Bc3 Qb6 10. dxc5 Nxb1 11. Bxg7 Qb4+ 12. Kf1 Rg8 13. Bh6 g5 14. h4 Bf5 15. Rxb1 Bxb1 16. Qxb1 Nc6 17. Qxh7 0-0-0 18. Qxf7 gxh4 19. Rxh4 Qxc5 20. Bd5 Rh8 21. Kg2 e5 22. Bg5 Rhf8 23. Qe6+ Kb8 24. Be3 Qb4 25. Rh7 Rh8 26. Rxh8 Rxh8 27. Qf6 Rc8 28. g4 Ka8 29. g5 Qe1 30. Bf3 Qb1 31. g6 Rg8 32. g7 Qh7 33. Bh6 e4 34. Bg4 Rb8 35. Bf5 Qg8 36. Be6 Qh7 37. Qg5 Ne7 38. Qxe7 Qxh6 39. Qf7 Qg5+ 40. Kh3 Qh6+ 41. Kg4 Qh2 42. g8Q Qg2+ 43. Kh4 Qh2+ 44. Bh3 Qe5 45. Qff8 1-0

[Event "Serbia op-A"]
[Site "Belgrade"]
[Date "2025.07.17"]
[Round "4"]
[White "Dinesh, Rajan M"]
[Black "Kalogridis, Antonios"]
[Result "1/2-1/2"]
[WhiteElo "2131"]
[BlackElo "2426"]
[PlyCount "84"]
[EventDate "2025.07.14"]
[EventType "swiss"]
[EventRounds "9"]
[EventCountry "SRB"]
[SourceTitle "CB30_2025"]
[SourceDate "2025.07.23"]
[SourceVersion "1"]
[SourceVersionDate "2025.07.23"]
[SourceQuality "1"]

1. e4 c6 2. d4 d5 3. e5 Bf5 4. Ne2 e6 5. Ng3 Bg6 6. h4 h5 7. c4 dxc4 8. Bxc4 Nd7 9. Bg5 Qb6 10. Bb3 Be7 11. Nc3 Bxg5 12. hxg5 0-0-0 13. f4 Nc5 14. f5 exf5 15. Nge2 Ne7 16. Qd2 Nxb3 17. axb3 Nd5 18. Nxd5 Rxd5 19. Qc3 Rhd8 20. Ra4 Kb8 21. Rh4 c5 22. Rc4 cxd4 23. Rhxd4 a5 24. Rxd5 Rxd5 25. Nf4 Rb5 26. e6 fxe6 27. Nxg6 Qg1+ 28. Ke2 Qxg2+ 29. Ke1 Qg1+ 30. Ke2 e5 31. Ne7 Qxg5 32. Rc8+ Ka7 33. Qc7 Qg2+ 34. Kd1 Qf1+ 35. Kd2 Qf2+ 36. Kd1 Qf1+ 37. Kd2 Qg2+ 38. Kd1 Qf3+ 39. Kd2 Qf2+ 40. Kd1 Qf3+ 41. Kd2 Qg2+ 42. Kd1 Qf1+ 1/2-1/2

[Event "Serbia op-A"]
[Site "Belgrade"]
[Date "2025.07.14"]
[Round "1"]
[White "Kalogridis, Antonios"]
[Black "Sadbhav, Rautela"]
[Result "1/2-1/2"]
[WhiteElo "2426"]
[BlackElo "2148"]
[PlyCount "110"]
[EventDate "2025.07.14"]
[EventType "swiss"]
[EventRounds "9"]
[EventCountry "SRB"]
[SourceTitle "CB30_2025"]
[SourceDate "2025.07.23"]
[SourceVersion "1"]
[SourceVersionDate "2025.07.23"]
[SourceQuality "1"]

1. d4 d5 2. c4 c6 3. Nf3 Nf6 4. Nc3 dxc4 5. a4 Bf5 6. Ne5 Nbd7 7. Nxc4 Qc7 8. g3 e5 9. dxe5 Nxe5 10. Bf4 Nfd7 11. Bg2 f6 12. 0-0 Rd8 13. Qc1 Be6 14. Nxe5 Nxe5 15. a5 a6 16. Ra4 Be7 17. Bxe5 fxe5 18. Qc2 0-0 19. Be4 h6 20. Bd3 Kh8 21. Ne4 Rd4 22. e3 Rxa4 23. Qxa4 Rd8 24. Bb1 Rd5 25. Nc3 Rd2 26. Bc2 Bg8 27. Ra1 c5 28. Qe4 Qc6 29. Rb1 Qxe4 30. Bxe4 Bd8 31. Bxb7 Bh7 32. Be4 Bxa5 33. Bxh7 Kxh7 34. Ne4 Rc2 35. Ra1 Bb4 36. Rxa6 Rxb2 37. Rc6 Rc2 38. Rb6 Ba5 39. Re6 c4 40. Rxe5 Bb4 41. Kg2 c3 42. Rb5 Rb2 43. Rxb4 Rxb4 44. Nxc3 g5 45. Nd5 Ra4 46. e4 Kg6 47. Kf3 Ra3+ 48. Ne3 h5 49. h3 Kf6 50. Kg2 Rb3 51. Nf5 Ke5 52. Ng7 h4 53. gxh4 gxh4 54. Nf5 Kxe4 55. Nxh4 Ke5 1/2-1/2

[Event "Serbia op-A"]
[Site "Belgrade"]
[Date "2025.07.14"]
[Round "6"]
[White "Zhong, Kangmin"]
[Black "Kalogridis, Antonios"]
[Result "1/2-1/2"]
[WhiteElo "2299"]
[BlackElo "2426"]
[PlyCount "75"]
[EventDate "2025.07.14"]
[EventType "swiss"]
[EventRounds "9"]
[EventCountry "SRB"]
[SourceTitle "CB30_2025"]
[SourceDate "2025.07.23"]
[SourceVersion "1"]
[SourceVersionDate "2025.07.23"]
[SourceQuality "1"]

1. Nf3 f5 2. g3 g6 3. Bg2 Bg7 4. d4 Nf6 5. 0-0 0-0 6. c4 d6 7. Nc3 Qe8 8. d5 Na6 9. Be3 Nc5 10. Rc1 e5 11. dxe6 Nxe6 12. Nd4 Ng4 13. Nxe6 Bxe6 14. Bd4 Bh6 15. Nd5 Qf7 16. Nf4 Bxf4 17. gxf4 c5 18. Bc3 Rfd8 19. Qc2 d5 20. cxd5 Bxd5 21. h3 Nf6 22. Bxf6 Qxf6 23. Qxc5 Bxg2 24. Kxg2 Qxb2 25. Qc4+ Kh8 26. Rfd1 Qg7 27. Rxd8+ Rxd8 28. Qe6 h6 29. h4 Kh7 30. e3 h5 31. Kg3 Qd7 32. Qc4 Kh6 33. Qc3 Qd2 34. Qf6 Qxc1 35. Qg5+ Kg7 36. Qe7+ Kh6 37. Qg5+ Kg7 38. Qe7+ 1/2-1/2

[Event "GRE-chT 52nd"]
[Site "Loutraki"]
[Date "2025.07.04"]
[Round "7.1"]
[White "Kalogridis, Antonios"]
[Black "Banikas, Hristos"]
[Result "1/2-1/2"]
[WhiteElo "2426"]
[BlackElo "2544"]
[PlyCount "61"]
[EventDate "2025.06.28"]
[EventType "team-swiss"]
[EventRounds "7"]
[EventCountry "GRE"]
[SourceTitle "CB28_2025"]
[SourceDate "2025.07.09"]
[SourceVersion "1"]
[SourceVersionDate "2025.07.09"]
[SourceQuality "1"]
[WhiteTeam "Thessaloniki Aris"]
[BlackTeam "Irakleiou"]
[WhiteTeamCountry "GRE"]
[BlackTeamCountry "GRE"]

1. d4 Nf6 2. c4 e6 3. Nc3 Bb4 4. f3 c5 5. d5 b5 6. e4 d6 7. Bd2 a6 8. a4 exd5 9. cxd5 bxa4 10. Qxa4+ Nbd7 11. Qc6 Rb8 12. Bxa6 0-0 13. Bxc8 Ne5 14. Qa6 Rxc8 15. Nge2 c4 16. 0-0 Nfd7 17. Nd4 Nc5 18. Qa2 Qf6 19. Be3 Nb3 20. Nxb3 cxb3 21. Qa4 Bxc3 22. bxc3 Rc4 23. Qa7 Rxc3 24. Rab1 Qg6 25. Kh1 f5 26. exf5 Rxf5 27. Rbc1 Rxc1 28. Rxc1 Rf8 29. Bd4 h6 30. Bxe5 dxe5 31. Qb7 1/2-1/2

[Event "GRE-chT 52nd"]
[Site "Loutraki"]
[Date "2025.06.29"]
[Round "2.61"]
[White "Kalogridis, Antonios"]
[Black "Giannoulakis, Labros"]
[Result "1-0"]
[WhiteElo "2426"]
[BlackElo "2318"]
[PlyCount "155"]
[EventDate "2025.06.28"]
[EventType "team-swiss"]
[EventRounds "7"]
[EventCountry "GRE"]
[SourceTitle "CB28_2025"]
[SourceDate "2025.07.09"]
[SourceVersion "1"]
[SourceVersionDate "2025.07.09"]
[SourceQuality "1"]
[WhiteTeam "Thessaloniki Aris"]
[BlackTeam "Neapolis Sekeon"]
[WhiteTeamCountry "GRE"]
[BlackTeamCountry "GRE"]

1. d4 Nf6 2. c4 e6 3. Nc3 Bb4 4. e3 0-0 5. Bd2 d5 6. Nf3 b6 7. cxd5 exd5 8. Bd3 Bb7 9. 0-0 Bd6 10. Ne5 c5 11. Rc1 Nc6 12. Ng4 cxd4 13. Nxf6+ Qxf6 14. Nxd5 Qe5 15. Nf4 dxe3 16. Bxe3 Rad8 17. Qg4 Bb8 18. Rfd1 Rd6 19. Nh5 Rg6 20. Qh3 f5 21. Bc4+ Kh8 22. Bd5 Qe7 23. Bf4 Ne5 24. Qc3 Re8 25. Ng3 Bxd5 26. Rxd5 Rc6 27. Qe3 Rxc1+ 28. Qxc1 g6 29. Qd1 Qe6 30. Qd4 Kg8 31. Bh6 Qe7 32. Nf1 Ng4 33. Rd7 Qe5 34. Qc4+ Qe6 35. Qxe6+ Rxe6 36. Rd8+ Kf7 37. Rf8+ Ke7 38. Rxb8 Nxh6 39. Rb7+ Kf6 40. Rxh7 Nf7 41. Ne3 Rd6 42. h4 Rd2 43. h5 gxh5 44. Rxh5 Nd6 45. Rh4 b5 46. Rb4 a5 47. Rb3 f4 48. Ng4+ Ke6 49. Kf1 Rc2 50. Ke1 Rc5 51. Rd3 Rc1+ 52. Kd2 Ra1 53. a3 Nc4+ 54. Kc2 Ra2 55. Rb3 a4 56. Rb4 Nxa3+ 57. Kc3 Nb1+ 58. Kd3 a3 59. Kc2 Ra1 60. bxa3 Nxa3+ 61. Kb2 Kf5 62. f3 Kg5 63. Rb3 Rg1 64. Kxa3 Rxg2 65. Rxb5+ Kh4 66. Ne5 Rc2 67. Kb3 Rc8 68. Kb4 Kg3 69. Rc5 Ra8 70. Kc4 Ra3 71. Kd5 Ra8 72. Ke4 Ra4+ 73. Kf5 Ra8 74. Rc6 Ra4 75. Rd6 Kf2 76. Kg4 Ke3 77. Rd3+ Ke2 78. Rc3 1-0

[Event "Katerini op 2nd"]
[Site "Katerini"]
[Date "2025.03.24"]
[Round "7"]
[White "Kazantzoglou, Stefanos"]
[Black "Kalogridis, Antonios"]
[Result "1/2-1/2"]
[WhiteElo "2195"]
[BlackElo "2382"]
[PlyCount "58"]
[EventDate "2025.03.21"]
[EventType "swiss"]
[EventRounds "7"]
[EventCountry "GRE"]
[SourceTitle "CB14_2025"]
[SourceDate "2024.11.01"]
[SourceVersion "1"]
[SourceVersionDate "2024.11.01"]
[SourceQuality "1"]

1. e4 e5 2. Nf3 Nf6 3. Nxe5 d6 4. Nf3 Nxe4 5. d3 Nf6 6. d4 d5 7. Bd3 c5 8. 0-0 c4 9. Re1+ Be7 10. Bf1 0-0 11. b3 cxb3 12. axb3 Nc6 13. Ne5 Ne4 14. Nxc6 bxc6 15. Ba3 Bxa3 16. Rxa3 Re8 17. Bd3 Bf5 18. Ra1 Qg5 19. Qc1 Qf6 20. Bxe4 Bxe4 21. Nd2 Qxd4 22. Ra4 Qb6 23. Nxe4 dxe4 24. Raxe4 Rxe4 25. Rxe4 Qc5 26. Ra4 Qb6 27. Re4 Qc5 28. Ra4 Qb6 29. Re4 Qc5 1/2-1/2

[Event "Thessaloniki Vardaris op 8th"]
[Site "Thessaloniki"]
[Date "2025.03.01"]
[Round "4"]
[White "Kalogridis, Antonios"]
[Black "Eftovska, Lea"]
[Result "1-0"]
[WhiteElo "2382"]
[BlackElo "1834"]
[PlyCount "51"]
[EventDate "2025.02.27"]
[EventType "swiss"]
[EventRounds "7"]
[EventCountry "GRE"]
[SourceTitle "CB10_2025"]
[SourceDate "2025.03.05"]
[SourceVersion "1"]
[SourceVersionDate "2025.03.05"]
[SourceQuality "1"]

1. d4 Nf6 2. Nf3 g6 3. Nbd2 d5 4. e3 Bg7 5. b4 0-0 6. Be2 c6 7. 0-0 a5 8. b5 Nfd7 9. Bb2 c5 10. c4 cxd4 11. Nxd4 dxc4 12. Nxc4 Nb6 13. Nc6 bxc6 14. Qxd8 Rxd8 15. Nxb6 Ra7 16. Rfd1 Rf8 17. Bxg7 Kxg7 18. bxc6 Be6 19. Rac1 Rc7 20. Bb5 f5 21. a4 Kf7 22. Rc5 h6 23. h3 Kg7 24. Re5 Kf7 25. Rxe6 Kxe6 26. Bc4+ 1-0

[Event "GRE-ch 73rd"]
[Site "Thessaloniki"]
[Date "2024.12.09"]
[Round "8"]
[White "Patrelakis, Evaggelos"]
[Black "Kalogridis, Antonios"]
[Result "1/2-1/2"]
[WhiteElo "2431"]
[BlackElo "2333"]
[PlyCount "60"]
[EventDate "2024.12.02"]
[EventType "tourn"]
[EventRounds "9"]
[EventCountry "GRE"]
[EventCategory "3"]
[SourceTitle "CB51_2024"]
[SourceDate "2024.12.18"]
[SourceVersion "1"]
[SourceVersionDate "2024.12.18"]
[SourceQuality "1"]

1. e4 e5 2. Nf3 Nf6 3. Nxe5 d6 4. Nf3 Nxe4 5. Nc3 Nxc3 6. dxc3 Be7 7. Bf4 0-0 8. Qd2 Nd7 9. 0-0-0 Nf6 10. h4 Re8 11. Bd3 d5 12. Rde1 c5 13. c4 b5 14. cxd5 Qxd5 15. Qa5 c4 16. Be2 Bf5 17. Ng5 Bd8 18. Qd2 Qxd2+ 19. Bxd2 Bb6 20. Bf3 Rac8 21. Rxe8+ Rxe8 22. Bc6 Bd7 23. Bxd7 Nxd7 24. Re1 Rxe1+ 25. Bxe1 Nc5 26. Kd1 f6 27. Nf3 Ne4 28. Ke2 Kf7 29. Nd2 Nxd2 30. Bxd2 Ke6 1/2-1/2

[Event "GRE-ch 73rd"]
[Site "Thessaloniki"]
[Date "2024.12.08"]
[Round "7"]
[White "Hadzimanolis, Antonios"]
[Black "Kalogridis, Antonios"]
[Result "0-1"]
[WhiteElo "2159"]
[BlackElo "2333"]
[PlyCount "88"]
[EventDate "2024.12.02"]
[EventType "tourn"]
[EventRounds "9"]
[EventCountry "GRE"]
[EventCategory "3"]
[SourceTitle "CB51_2024"]
[SourceDate "2024.12.18"]
[SourceVersion "1"]
[SourceVersionDate "2024.12.18"]
[SourceQuality "1"]

1. d4 Nf6 2. c4 g6 3. g3 Bg7 4. Bg2 d5 5. cxd5 Nxd5 6. e4 Nb6 7. Ne2 c5 8. d5 0-0 9. Nbc3 e6 10. Be3 exd5 11. exd5 Na6 12. b3 Bg4 13. Rc1 Nb4 14. Qd2 Re8 15. a3 Bxe2 16. axb4 Bxc3 17. Qxc3 Ba6 18. d6 cxb4 19. Qd4 Re6 20. Rd1 Qd7 21. Qxb4 Rd8 22. h4 h5 23. g4 hxg4 24. h5 Qe8 25. Rd2 gxh5 26. Rxh5 Rxe3+ 27. fxe3 Qxe3+ 28. Kd1 Qg1+ 29. Kc2 Rc8+ 30. Kb2 Qc1+ 31. Ka2 Rc2+ 32. Rxc2 Qxc2+ 33. Ka1 Qc1+ 34. Ka2 Nc4 35. Rg5+ Kh8 36. Rh5+ Kg7 37. Rg5+ Kh6 38. Rh5+ Kxh5 39. Qc5+ Kh6 40. Qd4 Qa3+ 41. Kb1 Qxb3+ 42. Kc1 Qa3+ 43. Kb1 Qxd6 44. Qh8+ Kg5 0-1

[Event "GRE-ch 73rd"]
[Site "Thessaloniki"]
[Date "2024.12.06"]
[Round "5"]
[White "Alexiadis, Hristos"]
[Black "Kalogridis, Antonios"]
[Result "1/2-1/2"]
[WhiteElo "2341"]
[BlackElo "2333"]
[PlyCount "69"]
[EventDate "2024.12.02"]
[EventType "tourn"]
[EventRounds "9"]
[EventCountry "GRE"]
[EventCategory "3"]
[SourceTitle "CB51_2024"]
[SourceDate "2024.12.18"]
[SourceVersion "1"]
[SourceVersionDate "2024.12.18"]
[SourceQuality "1"]

1. d4 Nf6 2. Nf3 g6 3. Bg5 Bg7 4. c3 0-0 5. Nbd2 h6 6. Bh4 d6 7. e3 Nc6 8. Bb5 Bd7 9. 0-0 Qe8 10. Be2 e5 11. h3 b6 12. Re1 e4 13. Nh2 Nh7 14. f3 f5 15. fxe4 fxe4 16. Qc2 g5 17. Bg3 Bf5 18. Rf1 Kh8 19. Rf2 Ne7 20. Nhf1 h5 21. Bh2 h4 22. g4 Bg6 23. Rxf8+ Qxf8 24. Ba6 Rb8 25. a4 Qf7 26. Re1 Rf8 27. Re2 Qe6 28. Rf2 Nf6 29. Bc4 Qd7 30. Qb3 a5 31. Bb5 Qc8 32. Be2 Qd7 33. Bb5 Qc8 34. Be2 Qd7 35. Bb5 1/2-1/2

[Event "GRE-ch 73rd"]
[Site "Thessaloniki"]
[Date "2024.12.03"]
[Round "2"]
[White "Kalogridis, Antonios"]
[Black "Kourkoulos Arditis, Stamatis"]
[Result "1-0"]
[WhiteElo "2333"]
[BlackElo "2576"]
[PlyCount "119"]
[EventDate "2024.12.02"]
[EventType "tourn"]
[EventRounds "9"]
[EventCountry "GRE"]
[EventCategory "3"]
[SourceTitle "CB51_2024"]
[SourceDate "2024.12.18"]
[SourceVersion "1"]
[SourceVersionDate "2024.12.18"]
[SourceQuality "1"]

1. d4 Nf6 2. c4 g6 3. Nc3 Bg7 4. e4 d6 5. Be2 0-0 6. Nf3 Na6 7. 0-0 e5 8. Be3 Qe8 9. dxe5 dxe5 10. Qc2 Ng4 11. Bd2 c6 12. h3 Nf6 13. Be3 Nd7 14. a3 Ndc5 15. b4 Ne6 16. Rad1 f5 17. c5 f4 18. Bc1 Nac7 19. Bc4 Kh8 20. Bb2 Qe7 21. Nb1 Ng5 22. Nbd2 Nxh3+ 23. gxh3 Bxh3 24. Rfe1 g5 25. Qc3 Rae8 26. Nh2 Bc8 27. f3 h5 28. Kf2 Rf6 29. Rh1 Rh6 30. Rdg1 Nb5 31. Qc2 g4 32. Nxg4 hxg4 33. fxg4 Be6 34. Bxe5 Rxh1 35. Rxh1+ Kg8 36. Bxe6+ Qxe6 37. Bxg7 Kxg7 38. Qb2+ Qe5 39. Qxe5+ Rxe5 40. Kf3 Nxa3 41. Kxf4 Re8 42. Rc1 Nb5 43. Nf3 Rf8+ 44. Ke3 Rd8 45. Nh4 Rh8 46. Nf5+ Kf6 47. Kf4 Nc7 48. g5+ Kg6 49. Rd1 Ne6+ 50. Kg4 Rd8 51. Rh1 Nf8 52. Rh6+ Kf7 53. Rf6+ Kg8 54. Nh6+ Kg7 55. Kh5 Rd7 56. Nf5+ Kg8 57. g6 b6 58. Kh6 bxc5 59. bxc5 a5 60. g7 1-0

[Event "Piraeus GM"]
[Site "Piraeus"]
[Date "2024.08.30"]
[Round "7"]
[White "Kalogridis, Antonios"]
[Black "Moutousis, Konstantinos"]
[Result "0-1"]
[WhiteElo "2382"]
[BlackElo "2303"]
[PlyCount "96"]
[EventDate "2024.08.24"]
[EventType "tourn"]
[EventRounds "9"]
[EventCountry "GRE"]
[EventCategory "6"]
[SourceTitle "CBM 221 Extra"]
[Source "ChessBase"]
[SourceDate "2024.09.30"]
[SourceVersion "1"]
[SourceVersionDate "2024.09.30"]
[SourceQuality "1"]

1. d4 d6 2. Nf3 Nf6 3. c4 g6 4. Nc3 Bg7 5. e4 0-0 6. Be2 e5 7. 0-0 Nc6 8. d5 Ne7 9. b4 Ne8 10. a4 h6 11. a5 f5 12. Ba3 Nf6 13. Nd2 f4 14. c5 g5 15. Nc4 g4 16. cxd6 cxd6 17. b5 f3 18. gxf3 gxf3 19. Bxf3 Ne8 20. Bg2 Ng6 21. Ne2 Nh4 22. Ng3 Nxg2 23. Kxg2 Qh4 24. Bxd6 Rf4 25. Bxe5 Qh3+ 26. Kg1 Rh4 27. Re1 Qxh2+ 28. Kf1 Bh3+ 29. Ke2 Bg4+ 30. Ke3 Bxd1 31. Raxd1 Bxe5 32. Nxe5 Nf6 33. Rh1 Rxe4+ 34. Nxe4 Qxe5 35. Rh4 Nxe4 36. Rxe4 Qc3+ 37. Rd3 Qe1+ 38. Kd4 Qxf2+ 39. Rde3 Qb2+ 40. Kc5 Rc8+ 41. Kd6 Rd8+ 42. Kc7 Rxd5 43. b6 Rxa5 44. bxa7 Rxa7 45. Rg3+ Kf7 46. Rf3+ Kg6 47. Rg4+ Kh5 48. Rg1 Qh2+ 0-1

[Event "Piraeus GM"]
[Site "Piraeus"]
[Date "2024.08.24"]
[Round "1"]
[White "Kapnisis, Spyridon"]
[Black "Kalogridis, Antonios"]
[Result "0-1"]
[WhiteElo "2393"]
[BlackElo "2382"]
[PlyCount "133"]
[EventDate "2024.08.24"]
[EventType "tourn"]
[EventRounds "9"]
[EventCountry "GRE"]
[EventCategory "6"]
[SourceTitle "CBM 221 Extra"]
[Source "ChessBase"]
[SourceDate "2024.09.30"]
[SourceVersion "1"]
[SourceVersionDate "2024.09.30"]
[SourceQuality "1"]

1. e4 c5 2. Nf3 Nc6 3. d4 cxd4 4. Nxd4 Nf6 5. Nc3 d6 6. Bg5 e6 7. Qd2 a6 8. Nxc6 bxc6 9. 0-0-0 Be7 10. e5 dxe5 11. Qxd8+ Bxd8 12. Ne4 Be7 13. Nd6+ Bxd6 14. Rxd6 Bb7 15. Rd3 c5 16. Rb3 Bd5 17. Rb6 Kd7 18. Rxa6 Rxa6 19. Bxa6 Ra8 20. Bb5+ Kc7 21. a3 Ne4 22. Be3 c4 23. a4 Nd6 24. Kd2 Bxg2 25. Rg1 Be4 26. Kc3 Rb8 27. f4 Bg6 28. fxe5 Nxb5+ 29. axb5 Rxb5 30. Bd4 Kc6 31. Kxc4 f6 32. Ra1 Rb7 33. Ra6+ Kd7 34. Rd6+ Ke7 35. Bc5 Kf7 36. Kc3 Be4 37. b4 fxe5 38. Kb3 g5 39. c4 h5 40. Be3 Kf6 41. b5 h4 42. Rd8 g4 43. Rh8 Rd7 44. Kb4 Rd3 45. Bb6 h3 46. Bf2 Rd2 47. Bg3 Rb2+ 48. Kc3 Rc2+ 49. Kb3 Rc1 50. Rd8 Rg1 51. Bh4+ Kf7 52. Rd2 Bf3 53. c5 e4 54. c6 e3 55. Rd3 g3 56. Bxg3 Rxg3 57. hxg3 h2 58. c7 Bb7 59. Rd1 e2 60. Re1 h1Q 61. Rxh1 Bxh1 62. c8Q Bd5+ 63. Kc2 e1Q 64. Qd7+ Kf6 65. Qd8+ Kf5 66. Qf8+ Kg4 67. Qg7+ 0-1

[Event "Kavala op-A 33rd"]
[Site "Kavala"]
[Date "2024.07.30"]
[Round "3"]
[White "Ankit, Ray"]
[Black "Kalogridis, Antonios"]
[Result "1-0"]
[WhiteElo "2182"]
[BlackElo "2382"]
[PlyCount "79"]
[EventDate "2024.07.29"]
[EventType "swiss"]
[EventRounds "9"]
[EventCountry "GRE"]
[SourceTitle "EXT 2025"]
[Source "ChessBase"]
[SourceDate "2024.10.14"]
[SourceVersion "1"]
[SourceVersionDate "2024.10.14"]
[SourceQuality "1"]

1. Nf3 c5 2. c4 Nf6 3. Nc3 d5 4. cxd5 Nxd5 5. e3 e6 6. Be2 Nc6 7. 0-0 Be7 8. d4 cxd4 9. exd4 0-0 10. Bd3 Nxc3 11. bxc3 b6 12. h4 Bb7 13. Ng5 h6 14. Qh5 Bxg5 15. hxg5 Qd5 16. Qh3 h5 17. Qxh5 g6 18. Qh3 Kg7 19. Qg4 Ne5 20. dxe5 Qxd3 21. Ba3 Rfe8 22. Rac1 Rad8 23. Bd6 Qe4 24. Qg3 Rd7 25. Rfe1 Qc6 26. Rcd1 Rh8 27. Rd4 Qc8 28. Red1 Bc6 29. Rh4 Rxh4 30. Qxh4 Qh8 31. Qf4 Qh5 32. Rd3 Kg8 33. Rh3 Qd1+ 34. Kh2 f5 35. Qh4 Qh5 36. Qc4 Qxg5 37. Qxe6+ Kg7 38. Bf8+ Kxf8 39. Rh8+ Kg7 40. Qg8# 1-0

[Event "Biel HTO 57th"]
[Site "Biel"]
[Date "2024.07.19"]
[Round "5"]
[White "Kalogridis, Antonios"]
[Black "Collin, Moritz Valentin"]
[Result "1/2-1/2"]
[WhiteElo "2391"]
[BlackElo "2255"]
[PlyCount "102"]
[EventDate "2024.07.15"]
[EventType "swiss"]
[EventRounds "10"]
[EventCountry "SUI"]
[SourceTitle "CBM 221"]
[Source "ChessBase"]
[SourceDate "2024.08.31"]
[SourceVersion "1"]
[SourceVersionDate "2024.08.31"]
[SourceQuality "1"]

1. d4 Nf6 2. c4 e6 3. Nc3 Bb4 4. Nf3 0-0 5. Bg5 c5 6. Rc1 h6 7. Bh4 cxd4 8. Nxd4 a6 9. e3 b6 10. Be2 Bb7 11. 0-0 Be7 12. Bg3 d6 13. a3 Nbd7 14. b4 Rc8 15. Qb3 Qc7 16. Rfd1 Rfd8 17. Rd2 Ne5 18. Rdc2 Ne4 19. Nxe4 Bxe4 20. Rc3 Bf6 21. c5 bxc5 22. bxc5 dxc5 23. Bxa6 Rb8 24. Bb5 Qa5 25. Rxc5 Nd3 26. Bxd3 Rxb3 27. Rxa5 Rxd3 28. h3 Bxd4 29. exd4 R8xd4 30. Kh2 Rd1 31. Rxd1 Rxd1 32. a4 Rd8 33. Rc5 Rd5 34. Rc3 Ra5 35. Rc8+ Kh7 36. Rc4 Bd5 37. Rf4 Kg8 38. Rd4 Bc6 39. Bc7 Ra7 40. Bb6 Rxa4 41. Rxa4 Bxa4 42. Bd4 g5 43. h4 Kh7 44. hxg5 hxg5 45. Kg3 Bc6 46. f3 Kg6 47. Kf2 f6 48. Bb6 e5 49. Bc5 Kf5 50. g4+ Ke6 51. Ke3 Bb7 1/2-1/2

[Event "Biel HTO 57th"]
[Site "Biel"]
[Date "2024.07.17"]
[Round "3"]
[White "Kalogridis, Antonios"]
[Black "Follesa, Enrico"]
[Result "1-0"]
[WhiteElo "2391"]
[BlackElo "2241"]
[PlyCount "89"]
[EventDate "2024.07.15"]
[EventType "swiss"]
[EventRounds "10"]
[EventCountry "SUI"]
[SourceTitle "CBM 221"]
[Source "ChessBase"]
[SourceDate "2024.08.31"]
[SourceVersion "1"]
[SourceVersionDate "2024.08.31"]
[SourceQuality "1"]

1. d4 Nf6 2. c4 e6 3. Bf4 d5 4. cxd5 exd5 5. e3 Bd6 6. Bxd6 Qxd6 7. Bd3 0-0 8. Nc3 b6 9. Nf3 Bb7 10. 0-0 c5 11. dxc5 bxc5 12. Rc1 Nbd7 13. Re1 Rfe8 14. b4 Rac8 15. bxc5 Nxc5 16. Bf5 Rcd8 17. Qd4 a6 18. Nb5 axb5 19. Rxc5 Qa6 20. Bd3 Qa3 21. Rc7 Ba6 22. Ra7 Rb8 23. Rb1 Rec8 24. Bf1 Rb7 25. Rxb7 Bxb7 26. Rxb5 Bc6 27. Qb2 Qd6 28. Rb6 Nd7 29. Rb4 Nc5 30. Qe5 Qf8 31. Rb1 Nd7 32. Qf5 g6 33. Qd3 Ra8 34. Qc3 Qd6 35. Nd4 Rc8 36. Qb4 Qf6 37. Rc1 Rb8 38. Qa3 Bb7 39. Rc7 Bc8 40. Qc1 Nb6 41. Nc6 Ra8 42. Ne7+ Kf8 43. Nxc8 Nc4 44. Bxc4 dxc4 45. Qxc4 1-0

[Event "Belgrade Serbia op"]
[Site "Belgrade"]
[Date "2023.07.18"]
[Round "3"]
[White "Kalogridis, Antonios"]
[Black "Mijatovic, Dusan"]
[Result "1-0"]
[WhiteElo "2328"]
[BlackElo "2213"]
[PlyCount "133"]
[EventDate "2023.07.16"]
[EventType "swiss"]
[EventRounds "9"]
[EventCountry "SRB"]
[SourceTitle "CBM 215 Extra"]
[Source "ChessBase"]
[SourceDate "2023.09.30"]
[SourceVersion "1"]
[SourceVersionDate "2023.09.30"]
[SourceQuality "1"]

1. d4 Nf6 2. c4 e6 3. Nc3 Bb4 4. e3 0-0 5. Bd2 d5 6. Nf3 b6 7. cxd5 exd5 8. Bd3 Bd6 9. 0-0 Re8 10. Re1 Bb7 11. Ng5 h6 12. e4 dxe4 13. Ngxe4 Nxe4 14. Nxe4 Nc6 15. Qg4 Kh8 16. Nxd6 Qxd6 17. Qf5 Qg6 18. Qxg6 fxg6 19. Bxg6 Red8 20. Bf4 Rd7 21. Rac1 Nxd4 22. h4 c5 23. Re3 Bd5 24. Rce1 Bf7 25. Bb1 Rf8 26. Re7 Rxe7 27. Rxe7 Nc6 28. Rc7 Bd5 29. Be3 Kg8 30. a3 Rf7 31. Rc8+ Rf8 32. Bh7+ Kf7 33. Rc7+ Kf6 34. g4 g5 35. Bf5 Rf7 36. Rxf7+ Bxf7 37. f4 gxf4 38. Bxf4 Nd4 39. Bd3 Nf3+ 40. Kf2 Nxh4 41. Bxh6 Ng6 42. Kg3 c4 43. g5+ Ke5 44. Bg7+ Kd5 45. Bc2 b5 46. Bc3 Ke6 47. Be4 Be8 48. Kf2 Ne7 49. Ke3 Nf5+ 50. Kf4 Bg6 51. Bb4 Bh7 52. Bc5 a5 53. Bb6 b4 54. Bxa5 bxa3 55. bxa3 Bg6 56. Bb4 Nh4 57. Bb7 Be8 58. Ke4 Ng6 59. Bd5+ Kd7 60. Bxc4 Kc7 61. Kf5 Nh8 62. Kf6 Kd8 63. a4 Ng6 64. a5 Kc7 65. Bd2 Nh4 66. Bd5 Kb8 67. Be4 1-0